DCI des médicaments les plus vendus - Statistiques

Statistiques générales
  • Ce quiz a été pris 588 fois
  • Le résultat moyen est 23 sur 49
Statistiques - réponses
Nom générique DCI % Correct
Doliprane Paracétamol
99%
Efferalgan Paracétamol
99%
Dafalgan Paracétamol
99%
Clamoxyl Amoxicilline
81%
Amlor Amlodipine
72%
Ventoline Salbutamol
69%
Aerius Desloratadine
68%
Lasilix Furosémide
67%
Spasfon Phloroglucinol
66%
Solupred Prednisolone
66%
Voltarene Diclofénac
65%
Contramal Tramadol
65%
Topalgic Tramadol
65%
Cordarone Amiodarone
62%
Mopral Oméprazole
61%
Augmentin Amoxicilline Acide clavulanique
60%
Levothyrox Levothyroxine
56%
Acupan Néfopam
56%
Oflocet Ofloxacine
56%
Imodium Lopéramide
55%
Zithromax Azithromycine
54%
Cortansyl Prednisone
54%
Lexomil Bromazépam
53%
Profenid Ketoprofène
53%
Zyrtec Cétirizine
52%
Monuril Fosfomycine
52%
Atarax Hydroxyzine
51%
Seresta Oxazépam
51%
Flagyl Metronidazole
50%
Speciafoldine Acide folique
48%
Celestene Bétaméthasone
43%
Subutex Buprenorphine
39%
Rocéphine Ceftriaxone
38%
Zovirax Aciclovir
36%
Monazol Econazole
33%
Zelitrex Valaciclovir
32%
Motilium Dompéridone
26%
Loxen Nicardipine
25%
Oroken Céfixime
24%
Symbicort Budésonide
22%
Previscan Fluindione
21%
Narcan Naloxone
18%
Exacyl Acide tranexamique
14%
Dalacine Clindamycine
12%
Claforan Céfotaxime
11%
Nubain Nalbuphine
7%
Adalate Nifédipine
7%
Syntocinon Oxytocine
5%
Azantac Ranitidine
4%
Aucun quiz correspondant
Distribution des résultats
% des personnes avec chaque résultat
Percentile par nombre de réponses
Votre historique - résultats
Vous n’avez pas pris ce quiz